000 00335nam a22001337a 4500
020 _a978-0-273-72343-1
082 _a808.02
100 _aFisher, Colin
245 _aResearching and Writing a Dissertation:
_bAn Essential Guide
250 _a3rd
260 _aHarlow:
_bPearson,
_c2010
300 _axii,438p.: ill.; 24cm
942 _cBK
999 _c22221
_d22221